Things That Are White Quiz Stats

 Plays Quiz Updated Sep 12, 2012

Challenge
Share
Tweet
Score 0/20 Timer 04:00
0 Plays Today
% Correct
Milk
99.5%
Eggs
99.3%
Polar Bear
99%
Dove
98.2%
The White House
97.9%
Swan
97%
Casper
96.8%
Igloo
96.5%
Snowball
96.4%
Lamb
95.8%
% Correct
Wedding Dress
94.1%
Marshmallow
92.5%
Cotton
92.1%
White Rice
91.1%
Volleyball
91.1%
Tic Tacs
90.5%
White Chocolate
90.5%
Snowy Owl
89%
Styrofoam
76.6%
Kimba
7.1%

You're not logged in!

Compare scores with friends on all Sporcle quizzes.
OR
Log In

You Might Also Like...

Show Comments

Extras

Top Quizzes Today


Score Distribution

Your Account Isn't Verified!

In order to create a playlist on Sporcle, you need to verify the email address you used during registration. Go to your Sporcle Settings to finish the process.

Report this User

Report this user for behavior that violates our Community Guidelines.

Details: